00542nam a22001812 4500001001100000005001700011008004100028020001700069040001500086100003200101245007100133250001300204260004400217300001800261650004300279700003500322852000300357000002383320151217154506.0130403s xx 000 0 eng d a0750672948 : aKABUcKABU1 aWeiner, Ruth F.@000018356110aEnvironmental engineering /cRuth F. Weiner and Robin A. Matthews. a4th ed. aBoston :bButterworth-Heinemann,c2003. axiii, 484 p. 0aEnvironmental engineering.@00001562001 aMatthews, Robin A.@00001835621